Advancced psychology / (Record no. 5730)

MARC details
000 -LEADER
fixed length control field 01052cam a2200325 a 4500
001 - CONTROL NUMBER
control field 14306454
003 - CONTROL NUMBER IDENTIFIER
control field OSt
005 - DATE AND TIME OF LATEST TRANSACTION
control field 20210922092600.0
008 - FIXED-LENGTH DATA ELEMENTS--GENERAL INFORMATION
fixed length control field 050216s2005 enka f b 001 0 eng d
010 ## - LIBRARY OF CONGRESS CONTROL NUMBER
LC control number 2006373866
015 ## - NATIONAL BIBLIOGRAPHY NUMBER
National bibliography number GBA520689
Source bnb
016 7# - NATIONAL BIBLIOGRAPHIC AGENCY CONTROL NUMBER
Record control number 013129873
Source Uk
020 ## - INTERNATIONAL STANDARD BOOK NUMBER
International Standard Book Number 0-17-490058-9(pbk.)
035 ## - SYSTEM CONTROL NUMBER
System control number (OCoLC)ocm58456143
040 ## - CATALOGING SOURCE
Original cataloging agency UKM
Transcribing agency HU
Modifying agency BAKER
-- COD
-- DLC
042 ## - AUTHENTICATION CODE
Authentication code pcc
050 00 - LIBRARY OF CONGRESS CALL NUMBER
Classification number BF721
Item number .B712 2005
082 04 - DEWEY DECIMAL CLASSIFICATION NUMBER
Classification number 155.4
Edition number 22
100 1# - MAIN ENTRY--PERSONAL NAME
Personal name Brain, Christine.
9 (RLIN) 5883
245 10 - TITLE STATEMENT
Title Advancced psychology /
Statement of responsibility, etc. Christine Brain
Remainder of title applications,issues and perspectives
260 ## - PUBLICATION, DISTRIBUTION, ETC.
Place of publication, distribution, etc. Cheltenham, U.K. :
Name of publisher, distributor, etc. Nelson Thornes,
Date of publication, distribution, etc. 2002.
300 ## - PHYSICAL DESCRIPTION
Extent viii, 216 p. :
Other physical details ill. ;
Dimensions 28 cm.
504 ## - BIBLIOGRAPHY, ETC. NOTE
Bibliography, etc. note Includes bibliographical references (p. [200]-211) and index.
650 #0 - SUBJECT ADDED ENTRY--TOPICAL TERM
Topical term or geographic name entry element Child psychology.
9 (RLIN) 5884
650 #0 - SUBJECT ADDED ENTRY--TOPICAL TERM
Topical term or geographic name entry element Child development.
9 (RLIN) 5885
700 1# - ADDED ENTRY--PERSONAL NAME
Personal name Mukherji, Penny.
9 (RLIN) 5886
906 ## - LOCAL DATA ELEMENT F, LDF (RLIN)
a 7
b cbc
c copycat
d 2
e ncip
f 20
g y-gencatlg
942 ## - ADDED ENTRY ELEMENTS (KOHA)
Source of classification or shelving scheme Dewey Decimal Classification
Koha item type Books like text book referance book
Suppress in OPAC No
Holdings
Withdrawn status Lost status Source of classification or shelving scheme Damaged status Not for loan Home library Current library Shelving location Date acquired Full call number Barcode Date last seen Copy number Price effective from Koha item type
    Dewey Decimal Classification     Social Library Social Library General Stacks 09/22/2021 150.4/BRA SHLIB00000390 09/22/2021 2 09/22/2021 Books like text book referance book